1736 1776 1500 1475 1520 1201 1960 1143 1903 1043 1172 1119 1801 1640 1872 1636 1520 1715 1275 1051 1469 1213 1914 1975 1608 1800 1031 1733 1100 1426 1059 1580 1472 1600 1483 1544 1905 1381 1114 1636 1373 1502 1355 1237 1607 1426 1724 1246 1300 1945 1498 1736 1246 1221 1472 1082 1292 1250 1820 1101 1150 1093 1534 1070 1185 1617 1504 1085 1469 1111 1164 1787 1778 1103 1525 1024 1734 1549 1456 1102 1635 1324 1072 1890 1717 1483 1194 1337 1307 1570 1647 1508 1712 1649 1676 1809 1470 1450 1542 BCNSPRNW ULIB Ver.6.0+V

เปลี่ยนเป็นภาษาไทย

Change to English
 แสดงรายละเอียดบรรณานุกรม
  กลับหน้าหลัก

Brief Record : Get Marc (ISO 2709) : E-mail record : QR code < ปิดหน้าต่าง
LEADER : 00000nam 2200000uu 4500
001    13399108623
003     ULIB
008    110310s2551||||th 000 0 tha d
020    9789740322085
060 04 QY450^bว711ก 2551
100 0  วิโรจน์ ไววานิชกิจ
245 10 การตรวจวิเคราะห์ก๊าซในเลือด /^cวิโรจน์ ไววานิชกิจ
250    พิมพ์ครั้งที่ 1
260    กรุงเทพฯ :^bสำนักพิมพ์แห่งจุฬาลงกรณ์มหาวิทยาลัย,^c2551
300    84 หน้า ;^c21 ซม.
650  7 ก๊าซในเลือด, การวิเคราะห์
945    ^p65^l0^i025668
945    ^p65^l0^i025307
945    ^p65^l0^i024061
945    ^p65^l0^i025667
945    ^p65^l0^i025306
945    ^p65^l0^i024060
995    ทศพร
999 ^a ใช้งานได้ทุกระบบ
รายการนี้ยังไม่มีแท็ก
คุณยังไม่ได้ล็อกอิน คุณสามารถมีกิจกรรมร่วมกับเว็บไซต์ได้ แต่ต้องล็อกอินก่อน ::
  ล็อกอิน

รายการสื่อสารสนเทศ

ลำดับที่ ประเภท เลขเรียก/บาร์โค้ด สถานที่ สถานะ
- ไม่พบข้อมูล -

รายการใกล้เคียง
    ผู้แต่ง [วิโรจน์ ไววานิชกิจ]

    หัวเรื่อง [ก๊าซในเลือด, การวิเคราะห์]

BibComment


ยังไม่เคยถูกคอมเมนท์

คอมเมนท์ทรัพยากรรายการนี้
  คอมเมนท์: การตรวจวิเคราะห์ก..


 Copyright 2026. Bcnsprnw @Library